|
|
|
|
| LEADER |
00000nab a2200000 a 4500 |
| 001 |
vtls000537948 |
| 003 |
SK-MaSNL |
| 005 |
20260304090307.0 |
| 008 |
250425c1994 xo 0 slo |
| 015 |
|
|
|a SNBRB19rr/mm-uuuuu
|
| 035 |
|
|
|a CL0538086
|
| 035 |
|
|
|a urn:nbn:sk:snk-abdna
|
| 035 |
|
|
|a (urnnbn)urn:nbn:sk:snk:ar-a03viv
|
| 035 |
|
|
|a (uuid)c38ab2d8-fb1f-4cbb-bbb9-fb5567604097
|
| 040 |
|
|
|a SNKBUCL
|b slo
|c SNKBUCL
|e AACR2
|
| 041 |
0 |
|
|a slo
|
| 044 |
|
|
|a xo
|c SK
|
| 080 |
|
|
|a 070.41:681.3.06
|2 1981
|
| 080 |
|
|
|a 681.3.06
|2 1981
|
| 100 |
1 |
|
|a Vatrál, Jozef
|4 aut
|9 6538
|
| 245 |
1 |
0 |
|a Nová technika v redakčnej praxi
|c Jozef Vatrál
|
| 300 |
|
|
|b Res. angl., lit. v pozn.
|
| 650 |
0 |
7 |
|a redakcia
|2 snkbucl
|9 681780
|
| 650 |
0 |
7 |
|a systémy redakčné elektronické
|2 snkbucl
|9 1381075
|
| 655 |
|
7 |
|a články z novín a časopisov
|2 snkbucl
|9 267496
|
| 773 |
0 |
|
|t Otázky žurnalistiky
|g Roč. 37, č. 3 (1994), s. 197-202
|x 0322-7049
|
| 850 |
|
|
|a Slovenská národná knižnica
|
| 852 |
|
|
|a Slovenská národná knižnica
|
| 954 |
|
|
|a odborná, vedecká literatúra pôvodná (slovenská)
|2 lita
|
| 958 |
|
|
|a article27
|
| 958 |
|
|
|a RK
|
| 958 |
|
|
|a OND
|
| 958 |
|
|
|a EUIPO
|
| 992 |
|
|
|a RBX
|
| 999 |
|
|
|c 2811007
|d 2812937
|